000 01175cam a2200217 4500500
005 20260208002201.0
041 _afre
042 _adc
100 1 0 _aBoutonnier, Julien
_eauthor
245 0 0 _aLes paroles qui nous fabriquent
260 _c2015.
500 _a29
520 _aL’auteur de ce texte a tenté de donner quelques contours au problème épineux du traumatisme de la Shoah dans la culture occidentale. Il reprend l’hypothèse d’Imre Kertész selon laquelle Auschwitz constitue une matrice de culture pour l’avenir et tente, en s’appuyant sur les travaux de Pierre Legendre et sur son vécu le plus personnel, de mettre en fonction le corpus des textes écrits par les grands témoins de la Shoah. Il s’agit de poser les livres provoqués par Auschwitz comme référence, comme miroir où l’homme occidental trouve à se mettre à nouveau en relation avec la mort.
690 _aculture
690 _amort
690 _aShoah
690 _atexte
690 _atraumatisme
786 0 _nEmpan | 100 | 4 | 2015-12-18 | p. 80-86 | 1152-3336
856 4 1 _uhttps://shs.cairn.info/revue-empan-2015-4-page-80?lang=fr&redirect-ssocas=7080
999 _c1645757
_d1645757